00486nam a2200121 a 4500008004100000050001600041110007000057245015200127260003800279300000900317350000900326650002900335081119s1969 ||||||||||||||||| || u aGOV.ZAM(02) aThe Government of the Republic of Zambia. Office of the President10aRevised model standing orders for township councils and rural councilscIssued by the Provincial Local government Division. Office of the President aLusaka:bGovernment Printerc1969 a19p. a0.00 aLOCAL GOVERNMENT--ZAMBIA